Biochemistry (Record no. 395771)

MARC details
000 -LEADER
fixed length control field 00455 a2200193 4500
005 - DATE & TIME
control field 20260413114304.0
008 - FIXED-LENGTH DATA ELEMENTS--GENERAL INFORMATION
fixed length control field 260413b |||||||| |||| 00| 0 eng d
020 ## - ISBN
International Standard Book Number 9781907904288
Price £ 37.99
040 ## - CATALOGING SOURCE
Original cataloging agency VIVEKANANDA LIBRARY
082 ## - DDC NUMBER
Classification number 574.192
Book Number B815B
100 ## - MAIN ENTRY--PERSONAL NAME
Personal name Brown, T A
245 ## - TITLE STATEMENT
Title Biochemistry
260 ## - PUBLICATION, DISTRIBUTION, ETC. (IMPRINT)
Name of publisher, distributor, etc Scion Publishing
Date of publication, distribution, etc 2017
Place of publication, distribution, etc Banbury
300 ## - PHYSICAL DESCRIPTION
Pages xxii, 522
650 ## - Subject
Subject Biochemistry
650 ## - Subject
Subject Enzymes
650 ## - Subject
Subject Cells
942 ## - ADDED ENTRY ELEMENTS (KOHA)
Koha item type Books
Holdings
Withdrawn status Lost status Source of classification or shelving scheme Damaged status Not for loan Location (home branch) Sublocation or collection (holding branch) Shelving location Date acquired Koha issues (times borrowed) Koha full call number Accession No. Koha date last seen Koha item type
    Dewey Decimal Classification     VIVEKANANDA LIBRARY VIVEKANANDA LIBRARY Vivekananda Library 17/02/2026   574.192 B815B 438297 17/02/2026 Books
© Designed and Maintained by Vivekananda Library, MDU Rohtak